000 00603pam a2200217 a 4500
001 3788608
005 20180206035901.0
008 841024s1985 caua b 001 0 eng
010 _a 84047990
020 _a0875896227 (alk. paper)
040 _aDLC
_cDLC
_dDLC
041 _aeng
080 _a658.4063 LIP
082 0 0 _a658.4063 LIP
_219
100 1 _a54
101 _aLID
245 1 0 _aImplementing organizational change /
_cGordon L. Lippitt, Petter Langseth, Jack Mossop.
504 _aBibliography: p. 173-177.
906 _a7
_bcbc
_corignew
_d1
_eocip
_f19
_gy-gencatlg
942 _2ddc
_cBK
999 _c41870
_d41870